000 00478nam a2200145Ia 4500
008 210716s1993 xx 000 0 und d
041 _aeng
082 _a005.1331 FERL
100 _aFernandes, Louis; Sheth, Yogesh; Kurup, Anish.
245 _aVijay mukhis borland c++ 3.0 for windows 3.1: programming with object windows.
_bProgramming with object windows.
250 _a1
260 _aNew Delhi
_bBPB Publications
_c1993
300 _axviii,765
650 _aC++ Progamming
999 _c182539
_d182539